Introducción a la teoría general de sistemas
Na minha lista:
| Autor principal: | |
|---|---|
| Formato: | Livro |
| Idioma: | espanhol |
| Publicado em: |
Ciudad de México
Limusa
2000
|
| Assuntos: | |
| Tags: |
Adicionar Tag
Sem tags, seja o primeiro a adicionar uma tag!
|
MARC
| LEADER | 00000cam a2200000 a 4500 | ||
|---|---|---|---|
| 001 | UCL3079 | ||
| 003 | CL-VaPUC | ||
| 005 | 20240104150741.0 | ||
| 008 | 031114e20000000MX |||||||||||||||||spa|d | ||
| 999 | |c 306213 |d 306211 | ||
| 020 | |a 968181567X | ||
| 040 | |c Pontificia Universidad Católica de Valparaíso | ||
| 082 | 0 | 4 | |a 003 JOH 2000 |2 21 |
| 100 | |a Johansen Bertoglio, Oscar |e author |9 590862 | ||
| 245 | 1 | 0 | |a Introducción a la teoría general de sistemas |
| 260 | |a Ciudad de México |b Limusa |c 2000 | ||
| 300 | |a 167 páginas | ||
| 583 | |a last modification |c 20160311 23:29:25 |k Rodrigo Vera | ||
| 650 | 0 | |a Análisis de sistemas |9 260059 | |
| 650 | 0 | |a Sistemas |9 270269 | |
| 650 | 0 | |a Organización |9 256369 | |
| 942 | |c BK |2 ddc | ||
| 945 | |d 20031114 00:00:00 |a cmena | ||
| 952 | |0 0 |1 0 |2 ddc |4 0 |6 003_000000000000000_JOH_2000 |7 0 |8 A |9 371054 |a BIBING |b BIBING |c RES |d 2019-11-21 |i 4363744 |l 1 |o 003 JOH 2000 |p 4363744 |r 2025-01-20 |s 2023-05-15 |t 1 |w 2019-11-21 |y BK |k CCI | ||
| 952 | |0 0 |1 0 |2 ddc |4 0 |6 003_000000000000000_JOH_2000 |7 0 |8 A |9 371055 |a BIBING |b BIBING |c RES |d 2019-11-21 |i 4363752 |o 003 JOH 2000 |p 4363752 |r 2025-01-20 |t 2 |w 2019-11-21 |y BK |k CCI | ||
| 952 | |0 0 |1 0 |2 ddc |3 erb |4 0 |6 003_000000000000000_JOH_2000 |7 0 |8 A |9 371056 |a BIBING |b BIBING |c RES |i 5148081 |o 003 JOH 2000 |p 5148081 |r 2025-01-20 |t 3 |w 2019-11-21 |y BK |z Catalogado en:20150430 |k GEO | ||
| 952 | |0 0 |1 0 |2 ddc |4 0 |6 003_000000000000000_JOH_2000 |7 0 |8 A |9 562163 |a BIBMAT |b BIBMAT |d 2020-03-27 |i 5618193 |o 003 JOH 2000 |p 5618193 |r 2025-01-07 |t 4 |w 2020-03-27 |y BK |k MAT | ||